000 00369nam a2200157Ia 4500
005 20250319133215.0
008 240331s9999 xx 000 0 und d
020 _a
082 _bPER
_a894
100 _aPeran, N
245 0 _aSathiyankal
260 _aNelliady
_bSharmila Pathippagam
_c1987
300 _aviii, 127 p .,
650 _aTamil Short Stories
942 _cL
999 _c3843
_d3843